| 000 | 00351nam a2200133Ia 4500 | ||
|---|---|---|---|
| 008 | 220217s9999||||xx |||||||||||||| ||und|| | ||
| 020 | _a978-81-280-0720-0 | ||
| 082 | _a005.73 NAN | ||
| 100 | _aNandagopalan, S | ||
| 245 | 0 | _aData structures with C | |
| 260 |
_aSapna book house _bBangalore _c2007 |
||
| 300 | _b270 | ||
| 650 | _aDATA STRUCTURES | ||
| 999 |
_c180221 _d180221 |
||